| 000 | 00896nam a2200229 a 4500 | ||
|---|---|---|---|
| 001 | 1157 | ||
| 003 | BR-CuiBMT | ||
| 005 | 20231130123108.0 | ||
| 008 | 231130s2017 dfba f000 0 por d | ||
| 040 |
_aBR-CuiBMT _cBR-CuiBMT |
||
| 080 |
_22007 _a711.4:502.131.1 _x(036) |
||
| 090 |
_a711.4:502.131.1(036) _bS474g |
||
| 110 | 2 |
_aSenado Federal. _bConselho de Estudos Políticos. |
|
| 245 | 1 | 0 |
_aGuia de ação de gestores municipais para a construção de cidades sustentáveis / _cSenado Federal, Conselho de Estudos Políticos. |
| 260 |
_aBrasília : _bSenado Fderal, _c2017. |
||
| 300 |
_a67 p. : _bil. ; _c22 cm |
||
| 504 | _aInclui bibliografia. | ||
| 650 |
_aPlanejamento urbano _vGuias _xCidades sustentáveis |
||
| 650 |
_aPolítica urbana _vGuias _xDesenvolvimento sustentável _zBrasil |
||
| 650 |
_aAdministração municipal _vGuias _xDesenvolvimento sustentável _zBrasil |
||
| 942 |
_2udc _cLV |
||
| 999 |
_c1157 _d1157 |
||